000 00286nam a22001337a 4500
008 170605b xxu||||| |||| 00| 0 eng d
020 _a9781405447621
041 _aeng
080 _a94
100 _a18
101 _aSHH
245 _aIRISH HISTORY
_cANNAIDH.S.M
942 _2udc
_cBK
999 _c15914
_d15914